00521nam a2200157Ia 4500003000400000008004100004040001600045082001900061100002000080245009500100260003900195300002400234650002500258650004400283650003600327GCL140319s9999 xx 000 0 ara d aGCL / cGCL04a910.133bغ ج1 aغور نونغ10aجغرافية العالم الاقتصادية : b(عرض موجز) / cغور نونغ aروسيا : bدار التقدم a323 ص ؛ c17 سم04aالاشتراكية04aالجغرافيا الاقتصادية04aالموارد الطبيعية